Rezné podmienky a opotrebenie rezného nastroja pri obrábaní hliníkových zliatin : (rešerš) Čís. 2980/73

Uložené v:
Podrobná bibliografia
Ďalší autori: Podobová, Tatiana (Compiler)
Médium: Kniha
Jazyk:Slovak
Vydané: Košice : Štátna vedecká knižnica, 1973.
Vydanie:1. vyd.
ISBN: (brož.)
Fyzický popis: 9 s.
Tagy: Pridať tag
Žiadne tagy, Buďte prvý kto otaguje tento záznam!

MARC

LEADER 00000nam a2200000 a 4500
001 000151549
005 20091015161712.0
008 040101s1973 xo e slo d
020 |a (brož.) 
040 |a SVKKK  |b slo  |c SVKKK  |e AACR2 
041 0 |a slo 
044 |a xo  |c SK 
245 0 0 |a Rezné podmienky a opotrebenie rezného nastroja pri obrábaní hliníkových zliatin :  |b (rešerš)  |n Čís. 2980/73  |c zost. Tatiana Podobová. 
250 |a 1. vyd. 
260 |a Košice :  |b Štátna vedecká knižnica,  |c 1973. 
300 |a 9 s. 
700 1 |a Podobová, Tatiana  |4 com 
910 |a svkkk 
998 |a BK 
090 |g SCKHL  |k Sklad Pribinova 2. posch.  |a II.203285  |j 494307  |i 2720147393  |s Absenčne 
090 |g SCKHL  |k Sklad Pribinova 2. posch.  |a II0.16722  |j 048569  |i B168212  |s Absenčne